|
|
|
|
| LEADER |
00000nam0a2200000 4500 |
| 001 |
366794 |
| 005 |
20231102011922.0 |
| 035 |
|
|
|a (RuTPU)RU\TPU\retro\24157
|
| 090 |
|
|
|a 366794
|
| 100 |
|
|
|a 20220218d1979 m y0rusy50 ca
|
| 101 |
0 |
|
|a rus
|
| 102 |
|
|
|a RU
|
| 105 |
|
|
|a a j 001zy
|
| 200 |
1 |
|
|a Спектральный ультразвуковой метод определения характера дефектов
|e учебное пособие для слушателей заочных курсов повышения квалификации
|f А. Х. Вопилкин, И. Н. Ермолов, В. Г. Стасеев
|g Центральное правление научно-технического общества приборостроительной промышленности им. С. И. Вавилова ; Заочный институт повышения квалификации ИТР
|
| 210 |
|
|
|a Москва
|c Машиностроение
|d 1979
|
| 215 |
|
|
|a 60 с.
|c ил.
|
| 320 |
|
|
|a Библиогр.: с. 58
|
| 606 |
1 |
|
|a Дефектоскопия ультразвуковая
|2 stltpush
|3 (RuTPU)RU\TPU\subj\39066
|9 59283
|
| 610 |
1 |
|
|a ультразвуковой спектральный контроль
|
| 610 |
1 |
|
|a физические принципы
|
| 610 |
1 |
|
|a аппаратура
|
| 610 |
1 |
|
|a дефекты
|
| 610 |
1 |
|
|a определение
|
| 610 |
1 |
|
|a методика
|
| 610 |
1 |
|
|a автоматическая классификация
|
| 610 |
1 |
|
|a учебные пособия
|
| 675 |
|
|
|a 620.179.16(075.9)
|v 4
|
| 700 |
|
1 |
|a Вопилкин
|b А. Х.
|g Алексей Харитонович
|
| 701 |
|
1 |
|a Ермолов
|b И. Н.
|g Игорь Николаевич
|
| 701 |
|
1 |
|a Стасеев
|b В. Г.
|g Виктор Георгиевич
|
| 712 |
0 |
2 |
|a Центральное правление научно-технического общества приборостроительной промышленности им. С. И. Вавилова
|2 stltpush
|3 (RuTPU)RU\TPU\col\13488
|9 25691
|
| 712 |
0 |
2 |
|a Заочный институт повышения квалификации ИТР
|2 stltpush
|3 (RuTPU)RU\TPU\col\13573
|9 25712
|
| 801 |
|
1 |
|a RU
|b 63413507
|c 20220216
|
| 801 |
|
2 |
|a RU
|b 63413507
|c 20220218
|g RCR
|
| 942 |
|
|
|c BK
|